000 00933nam a2200277 i 4500
001 bg
003 BPK
005 20260213063254.0
008 090702s2008 pl a f f |000 0 pol
020 _a9788301145798
040 _cBPK
080 _a556
080 _a(075.8)
100 1 _aBajkiewicz-Grabowska, Elżbieta
_d(1949- )
245 1 0 _aHydrologia ogólna /
_cElżbieta Bajkiewicz-Grabowska, Zdzisław Mikulski.
250 _aWyd. 4 uaktual. - 2 dodr.
260 _aWarszawa :
_bWydawnictwo Naukowe PWN,
_c2008.
300 _a338, [1] s. :
_bil. ;
_c24 cm.
504 _aBibliogr. s. 326-330. Indeks.
650 9 _aHydrologia
655 4 _aPodręczniki akademickie
700 1 _aMikulski, Zdzisław
_d(1920- ).
710 2 _aWydawnictwo Naukowe PWN
_4pbl.
942 _cKS
_2UKD
856 _uhttp://koha.tu.koszalin.pl/cgi-bin/koha/opac-detail.pl?biblionumber=56423
_yKatalog online BPK
999 _c56423
_d56423